The bread and butter book

Main Author: Sutton, Diana
Language:English
Published: Preston, [England]: Good Life Press, 2008.
Subjects:
LEADER 00491cam a2200157 7i4500
001 0000077666
005 20091215090000.0
008 091209s2008 -us eng
020 # 0 |a 9781904871347  
090 0 0 |a TX 651   |b .S8 2008 
100 1 # |a Sutton, Diana  
245 1 4 |a The bread and butter book   |c Diana Sutton. 
260 # # |a Preston, [England]:   |b Good Life Press,   |c 2008. 
300 # # |a 160 p.:   |b ill. (some col.);   |c 21 cm.. 
650 0 0 |a Cookery  
999 |a 1100072927  |b Book  |c Open Shelf  |e KOLEKSI TERBUKA